000 00727nam a2200241 i 4500
001 000033319
003 DO-SdBNP
005 20241204131746.0
007 ta
008 110824s1931 es 000 0 spa d
040 _aDO-SdBNP
_bspa
_cBNPHU
_erda
082 _axxxx
_bC422
_222
100 1 _aCestero, Tulio M.,
_q(Tulio Manuel),
_d1877-1955
_91698
245 1 0 _aEstados Unidos y las Antillas /
_cTulio M. Cestero.
264 _aMadrid :
_bCompañia ibero-americana de publicaciones,
_c1931.
300 _a232 páginas ;
_c18 cm.
336 _ardacontent
_btexto
_2txt
337 _ardamedia
_bsin mediación
_2n
338 _ardacarrier
_bvolumen
_2nc
590 _aInventariado, 2024/DG
910 _aDG
942 _2ddc
_cLBS1
999 _c32810
_d32810